000
00293nam a2200109 4500
008
180215b xxu||||| |||| 00| 0 eng d
245
_a
if you want to lose weight, don't diet.
260
_a
Philippines
_b
Manila Bulletin
_c
c2016
300
_a
page C1.
650
0
_9
26566
_a
Diet.
942
_2
ddc
_c
PER
999
_c
8689
_d
8689